<?xml version="1.0" encoding="UTF-8"?><?xml-stylesheet type="text/xsl" href="static/style.xsl"?><OAI-PMH xmlns="http://www.openarchives.org/OAI/2.0/" xmlns:xsi="http://www.w3.org/2001/XMLSchema-instance" xsi:schemaLocation="http://www.openarchives.org/OAI/2.0/ http://www.openarchives.org/OAI/2.0/OAI-PMH.xsd"><responseDate>2026-06-07T07:49:01Z</responseDate><request verb="GetRecord" identifier="oai:riuma.uma.es:10630/40189" metadataPrefix="marc">https://riuma.uma.es/rest/oai/request</request><GetRecord><record><header><identifier>oai:riuma.uma.es:10630/40189</identifier><datestamp>2026-02-03T11:47:53Z</datestamp><setSpec>com_10630_2254</setSpec><setSpec>col_10630_37959</setSpec></header><metadata><record xmlns="http://www.loc.gov/MARC21/slim" xmlns:dcterms="http://purl.org/dc/terms/" xmlns:doc="http://www.lyncode.com/xoai" xmlns:xsi="http://www.w3.org/2001/XMLSchema-instance" xsi:schemaLocation="http://www.loc.gov/MARC21/slim http://www.loc.gov/standards/marcxml/schema/MARC21slim.xsd">
   <leader>00925njm 22002777a 4500</leader>
   <datafield ind2=" " ind1=" " tag="042">
      <subfield code="a">dc</subfield>
   </datafield>
   <datafield ind2=" " ind1=" " tag="720">
      <subfield code="a">Moreno-Vegas, Salvador</subfield>
      <subfield code="e">author</subfield>
   </datafield>
   <datafield ind2=" " ind1=" " tag="720">
      <subfield code="a">López Medina, Pablo</subfield>
      <subfield code="e">author</subfield>
   </datafield>
   <datafield ind2=" " ind1=" " tag="720">
      <subfield code="a">Peña Trabalón, Alejandro</subfield>
      <subfield code="e">author</subfield>
   </datafield>
   <datafield ind2=" " ind1=" " tag="720">
      <subfield code="a">Estébanez-Campos, María Belén</subfield>
      <subfield code="e">author</subfield>
   </datafield>
   <datafield ind2=" " ind1=" " tag="720">
      <subfield code="a">Prado-Novoa, María</subfield>
      <subfield code="e">author</subfield>
   </datafield>
   <datafield ind2=" " ind1=" " tag="720">
      <subfield code="a">Pérez-Blanca, Ana</subfield>
      <subfield code="e">author</subfield>
   </datafield>
   <datafield ind2=" " ind1=" " tag="260">
      <subfield code="c">2024</subfield>
   </datafield>
   <datafield ind2=" " ind1=" " tag="520">
      <subfield code="a">Las características mecánicas del anillo fibroso (AF) lumbar han sido ampliamente investigadas, siendo escasa la literatura sobre los torácicos. Los modelos hiperelásticos comúnmente utilizados para simularlas son muy variables en la literatura por la dificultad de representar mecánicamente tanto la substancia base (SB), como las fibras de colágeno (FC) embebidas.&#xd;
La primera metodología que se usó para modelar el comportamiento del AF incluía las FC como muelles axiales entre capas de material hiperelástico, cuyas propiedades se obtenían calibrando el modelo con el rango de movimiento (ROM) experimental obtenido en estudios cadavéricos. Numerosos modelos de elementos finitos (MEFs) han seguido esta metodología para un AF lumbar representativo y han extendido las propiedades a otros niveles, incluido el torácico sin contrastar su precisión.&#xd;
Posteriormente, algunos autores propusieron el modelo hiperelástico de Hozapfel-Gasser-Ogden (HGO) por su fácil implementación en MEFs frente a lo anterior. Actualmente, ambas metodologías coexisten con predicciones correctas del ROM. Sin embargo, no hay criterios claros que permitan establecer ventajas e inconvenientes de sendas metodologías. El objeto de este estudio es: (1) comprobar si los modelos de material calibrados para el segmento lumbar pueden extenderse al torácico y (2) comparar la respuesta de ambas metodologías con el ROM torácico experimental obtenido en un estudio cadavérico previo.</subfield>
   </datafield>
   <datafield ind1="8" ind2=" " tag="024">
      <subfield code="a">https://hdl.handle.net/10630/40189</subfield>
   </datafield>
   <datafield tag="653" ind2=" " ind1=" ">
      <subfield code="a">Biomecánica</subfield>
   </datafield>
   <datafield tag="653" ind2=" " ind1=" ">
      <subfield code="a">Método de los elementos finitos</subfield>
   </datafield>
   <datafield tag="653" ind2=" " ind1=" ">
      <subfield code="a">Vértebras - Propiedades mecánicas</subfield>
   </datafield>
   <datafield ind2="0" ind1="0" tag="245">
      <subfield code="a">¿Son extensibles las propiedades del anillo fibroso lumbar al segmento torácico? Comparación del modelo de material</subfield>
   </datafield>
</record>
</metadata></record></GetRecord></OAI-PMH>